World’s Top 15 Soft Drinks Brands - Statistics

General Stats
  • This quiz has been taken 1,570 times
  • The average score is 6 of 15
Answer Stats
# $Bn Value Answer % Correct
1 70.00 Coca-Cola
99%
4 10.8 Pepsi
94%
8 5.3 Sprite
87%
7 6.0 Fanta
83%
13 2.7 Dr Pepper
69%
14 2.5 Mountain Dew
58%
2 13.8 Diet Coke
33%
3 11.4 Red Bull
28%
15 2.3 Diet Pepsi
26%
10 4.7 Gatorade
22%
11 3.7 Lipton
14%
12 2.8 Minute Maid
8%
6 6.0 Tropicana
6%
5 6.3 Nescafé
5%
9 5.2 Nespresso
2%
No matching quizzes found
Score Distribution
Percent of People with Each Score
Percentile by Number Answered
Your Score History
You have not taken this quiz